01602nam a2200445Ii 4500001001300000003000800013006001900021007001500040008004100055020002700096020001500123020001800138035002100156040002600177050001600203245010000219250003300319264003900352300004200391336002600433337002600459338003600485490004200521504004100563650002800604650002200632650003200654655002200686700002900708700002900737791003600766830003900802830003600841793006600877856007200943910003401015942000801049952008001057999001901137DIGEDIUOC107NyNyDIGm o d cr |||||||||||131201s2011 sp ob 000 0 spa d a9788490290392q(eBook) z8497884094 z9788497884099 a(OCoLC)811402013 aDGITAbengepncDGITA14aLC191 eBook00aVoces de la educación social /cSegundo Moyano Mangas, Jordi Planella Ribera (coordinadores). a1. ed. en lengua castellana. 1aBarcelona :bEditorial UOC,c2011. a1 online resource (381 pages) :bill. atextbtxt2rdacontent acomputerbc2rdamedia aonline resourcebcr2rdacarrier1 aManuales ;v194.aEducación social. aIncludes bibliographical references. 0aEducational sociology.  0a Social service.  0aEducationxSocial aspects.  0aElectronic books.1 aMoyano Mangas, Segundo. 1 aPlanella Ribera, Jordi. 2 aDigitalia (Firm),edistributor. 0aEducación social (Editorial UOC) 0aManuales (Editorial UOC) ;v1940 gDigitalia eBook Collection:aUniversitat Oberta de Catalunya.403Digitalia Hispánicauhttps://www.digitaliapublishing.com/a/20600/ aPremium Collection: 2007-2012 cRAA 001040708DEHaBD-UINbBD-UINd2025-04-25l0r2025-04-25w2025-04-25yRAA c236975d236975